Informačný systém na inteligentné riadenie meracích systémov pre monitoring odpadových vôd
Salvato in:
| Autore principale: | |
|---|---|
| Altri autori: | |
| Natura: | Manoscritto Libro |
| Lingua: | slovacco |
| Pubblicazione: |
Bratislava :
STU v Bratislave FEI,
2022
|
| Soggetti: | |
| Accesso online: | https://opac.crzp.sk/?fn=detailBiblioFormChildA144LK&sid=378281AEB05FBF717837C8A6EBFA&seo=CRZP-detail-kniha |
| Tags: |
Nessun Tag, puoi essere il primo ad aggiungerne!!
|
MARC
| LEADER | 00000ntm a22000003a 4500 | ||
|---|---|---|---|
| 001 | stuzp88650 | ||
| 003 | SK-STU | ||
| 005 | 20230403123758.1 | ||
| 007 | ta | ||
| 008 | 150427s2015----xo-----f-mn---000-0-slo-d | ||
| 040 | |a STU |b slo | ||
| 041 | 0 | |a slo | |
| 044 | |a xo | ||
| 100 | 1 | |a Šterbák, Daniel |u 033000 |4 aut |U FEI Fakulta elektrotechniky a informatiky |T FEI Ústav elektroniky a fotoniky |X 104597 |U E030 |Y 549 |7 104597 | |
| 242 | 0 | 1 | |a Information system for intelligent control of measuring systems for wastewater monitoring |y eng |
| 245 | 1 | 0 | |a Informačný systém na inteligentné riadenie meracích systémov pre monitoring odpadových vôd |
| 260 | |a Bratislava : |b STU v Bratislave FEI, |c 2022 | ||
| 300 | |a 51 s. | ||
| 650 | 4 | |a informačný systém |2 slo | |
| 650 | 4 | |a IoT |2 slo | |
| 650 | 4 | |a čistiareň odpadových vôd |2 slo | |
| 650 | 4 | |a information system |2 eng | |
| 650 | 4 | |a IoT |2 eng | |
| 650 | 4 | |a wastewater treatment plant |2 eng | |
| 700 | 1 | |a Vojs, Marian |u 033000 |k Z2 |4 ths |U FEI Fakulta elektrotechniky a informatiky |T FEI Ústav elektroniky a fotoniky |X 2979 |U E030 |Y 549 |7 A000002979 | |
| 856 | 4 | |u https://opac.crzp.sk/?fn=detailBiblioFormChildA144LK&sid=378281AEB05FBF717837C8A6EBFA&seo=CRZP-detail-kniha | |